College Quizbowl Stats
College Quizbowl Stats
Circuits
Seasons
Sets
Records
Detailed Stats
About
Loading...
2024 ARGOS Online
Tossups
Bonuses
Players
Teams
Categories (Tossup)
Categories (Bonus)
Nicholas Tunks
Thompson et. al.
Categories
Category
Powers
Gets
Negs
BBs
Points
Earliest Buzz
Avg. Buzz
First Buzzes
Top 3 Buzzes
Fine Arts - Visual Fine Arts
2
1
0
0
40
68
86.00
2
3
History - European History
1
0
0
0
15
74
74.00
1
1
Social Science
0
2
1
1
15
126
132.50
1
2
History - World History
0
0
1
0
-5
0.00
0
0
Science - Biology
0
0
1
0
-5
0.00
0
0
Buzzes
Category
Answer
Value
Buzz Position
Science - Biology
BCG vaccine
-5
58
Fine Arts - Visual Fine Arts
Carl Theodor Dreyer
15
68
History - European History
German-occupied Norway
15
74
Fine Arts - Visual Fine Arts
Jane Campion
15
76
History - World History
Jorge Rafael Videla
-5
77
Social Science
market power
-5
88
Fine Arts - Visual Fine Arts
Afghanistan
10
114
Social Science
economic rent
10
126
Social Science
willingness to pay
10
139
Previous
1
Next